000 00694nam a2200289Ia 4500
005 20260324122139.0
008 008 260324s9999 xx 000 0 eng d
020 _a9780203140987
037 _aEBOOK
040 _aCRL
040 _beng
040 _cCRL
041 _2eng
041 _aeng
084 _qCRL
100 _aDafna Kariv
_91165296
245 0 _aFemale Entrepreneurship and the New Venture Creation
245 3 _bAn International Overview
260 _bTaylor and Francis
260 _c2013
365 _a
365 _b300
856 _uhttp://www.taylorfrancis.com/books/9780203140987
942 _cEBOOK
999 _c1757823
_d1757823